[Event "San Francisco Leighton Memorial"]
[Site "San Francisco"]
[Date "2015.08.04"]
[Round "1"]
[White "LaGrotta, Daniel S"]
[Black "Winslow, Elliott C"]
[Result "0-1"]
[WhiteElo "1772"]
[BlackElo "2283"]
[PlyCount "48"]
[EventDate "2015.08.04"]
[EventType "swiss"]
[EventRounds "9"]
[EventCountry "USA"]
[SourceTitle "EXT 2023"]
[Source "ChessBase"]
[SourceDate "2022.10.05"]
[SourceVersion "1"]
[SourceVersionDate "2022.10.05"]
[SourceQuality "1"]

1. e4 c5 2. Nf3 e6 3. d4 cxd4 4. Nxd4 a6 5. Nc3 Qc7 6. Be3 Bb4 7. Qd2 Nf6 8. f3 d5 9. exd5 Nxd5 10. Nde2 Nxe3 11. Qxe3 0-0 12. 0-0-0 Nd7 13. Kb1 Nf6 14. Nf4 Bxc3 15. bxc3 b5 16. g4 Bb7 17. g5 Nd5 18. Nxd5 Bxd5 19. Bd3 Qa5 20. Kc1 Rac8 21. Kd2 Qxc3+ 22. Ke2 Bxa2 23. h4 Bc4 24. h5 Qxc2+ 0-1

[Event "San Francisco TNM Spring op"]
[Site "San Francisco"]
[Date "2015.04.14"]
[Round "5"]
[White "Tokatyan, Shant"]
[Black "LaGrotta, Daniel S"]
[Result "1/2-1/2"]
[WhiteElo "1109"]
[BlackElo "1592"]
[PlyCount "120"]
[EventDate "2015.03.17"]
[EventType "swiss"]
[EventRounds "8"]
[EventCountry "USA"]
[SourceTitle "EXT 2016"]
[Source "ChessBase"]
[SourceDate "2015.10.08"]
[SourceVersion "1"]
[SourceVersionDate "2015.10.08"]
[SourceQuality "1"]

1. d4 Nf6 2. c4 e5 3. dxe5 Ng4 4. e4 Nxe5 5. Nf3 Nbc6 6. Nbd2 Bc5 7. Be2 d6 8. 0-0 0-0 9. b3 Kh8 10. Bb2 f5 11. Qc2 fxe4 12. Nxe4 Bf5 13. Nxe5 Nxe5 14. Bxe5 dxe5 15. Rad1 Qh4 16. Bd3 Be7 17. Ng3 Bxd3 18. Qxd3 Rad8 19. Qe4 Qxe4 20. Nxe4 g6 21. Nc3 c6 22. Rxd8 Bxd8 23. Rd1 Bb6 24. Ne4 Bd4 25. Kf1 Kg7 26. Ke2 b6 27. Rd3 Rf4 28. f3 h6 29. g3 Rf8 30. f4 c5 31. fxe5 Re8 32. Kf3 Rxe5 33. Rd2 Re6 34. b4 Kf8 35. bxc5 bxc5 36. Re2 Ra6 37. Rc2 Ra3+ 38. Kg4 Ra6 39. Nd2 Kf7 40. Nb3 Ke6 41. Nxd4+ cxd4 42. Kf4 d3 43. Rd2 Rc6 44. Rxd3 Rxc4+ 45. Ke3 Ra4 46. Rd2 Ke5 47. Kf3 Ra3+ 48. Kg2 Ke4 49. Kh3 g5 50. Kg4 Ke3 51. Rc2 Ra6 52. Kh5 Kd3 53. Rf2 Kc3 54. h4 gxh4 55. Kxh4 Kb4 56. g4 Ka3 57. Kh5 Rb6 58. Rg2 a5 59. Rh2 a4 60. Rg2 Rc6 1/2-1/2